Influence of minimum tillage on soil physical properties and on winter wheat yield and quality in Western Romania

Research was carried out between October 1, 2011 and September 31, 2012 and focused on the following aspects: - influence of minimum tillage on soil physical properties in the experimental field located in the village of Sag, where we examined 4 different tillage variants on 4 different plots (1 plo...

Teljes leírás

Elmentve itt :
Bibliográfiai részletek
Szerzők: Nyagui Dan
Carciu Gheorghe
Dokumentumtípus: Cikk
Megjelent: 2013
Sorozat:Review on agriculture and rural development 2 No. 2
Kulcsszavak:Talajerő-gazdálkodás, Románia
Tárgyszavak:
Online Access:http://acta.bibl.u-szeged.hu/34659
LEADER 01625nab a2200229 i 4500
001 acta34659
005 20240417143436.0
008 161017s2013 hu o 000 eng d
022 |a 2063-4803 
040 |a SZTE Egyetemi Kiadványok Repozitórium  |b hun 
041 |a eng 
100 1 |a Nyagui Dan 
245 1 0 |a Influence of minimum tillage on soil physical properties and on winter wheat yield and quality in Western Romania  |h [elektronikus dokumentum] /  |c  Nyagui Dan 
260 |c 2013 
300 |a 593-598 
490 0 |a Review on agriculture and rural development  |v 2 No. 2 
520 3 |a Research was carried out between October 1, 2011 and September 31, 2012 and focused on the following aspects: - influence of minimum tillage on soil physical properties in the experimental field located in the village of Sag, where we examined 4 different tillage variants on 4 different plots (1 plot = 1 ha). • First plot at the Monastery (VI) 2X disc harrow 6.4, hollers, cutting and sowing with Kverneland Drill • Second plot at the Dam (V2) Subsoiling to a depth of 65 cm with Maschio Gaspardo, Artiglio 250, direct seeding with Terramix Grower • Third plot at the Farm left plot (V3) 2X disc harrow 6.4, Terradisk 500, sowing with SUP 29, • The fourth plot at the Farm right plot (V4) 2X disc harrow 6.4, Terradisk 500, seeding with Kverneland Drill. 
650 4 |a Mezőgazdaság-tudományok 
650 4 |a Mezőgazdaság, erdészet, halászat 
695 |a Talajerő-gazdálkodás, Románia 
700 0 1 |a Carciu Gheorghe  |e aut 
856 4 0 |u http://acta.bibl.u-szeged.hu/34659/1/agricul_review_2013_002_593-598.pdf  |z Dokumentum-elérés